000 00733nam a2200217 i 4500
001 C2-0281191
003 PPAK
005 20180728011844.0
008 070806s2002 th a|||| ||||| | may d
040 _aPPAK
_beng
_cPPAK
_erda
082 0 4 _a499.23
_223
090 0 0 _a499.23
_bKOL
_dKSS
245 0 0 _aKolokium antarabangsa bahasa dan pemikiran Melayu - Indonesia ke - 3
_bPemikiran melayu: Tradisi dan kesinambungan
264 1 _aThailand :
_bDewan Bahasa dan Pustaka Malaysia ,
_c2002
300 _a15 pages :
_bcolour illustrations ;
_c29 cm
336 _2rdacontent
_atext
337 _2rdamedia
_aunmediated
338 _2rdacarrier
_avolume
650 1 0 _aMalay language-Social aspects ; Malay language-Usage
942 _ddc
_cB
999 _c87566
_d87566